000 00691nam a22001577a 4500
003 SGT
020 _a9788120342460
082 _a621.381
_bPAT
100 _aPATRANABIS,D
245 _aINSTRUMENTATION AND CONTROL
260 _aNEW DELHI
_bPHI
_c2011
300 _a376
650 _aELECTRONICS ENGINEERING
653 _aINSTRUMENTATION SYSTEM, STATISTICAL ERROR ANALYSIS, METROLOGY, SENSORS AND TRANSDUCERS, STRAIN GAUGES, MEASUREMENT OF FORCE,TORQUE,SHAFT POWER,SPEED AND ACCELERATION,MEASUREMENT OF PROCESS VARIABLES: PRESSURES,TEMPERATURE FLOW AND LEVEL,SIGNAL CONDITIONING,DISPLAY DEVICES,DETERMINATION OF COUNT MEASUREMENTS OF TIME,TIME INTERVAL AND FREQUENCY,CONTROL
942 _2ddc
_cBK
999 _c8224
_d8224